| 000 | 00538nam a2200121Ia 4500 | ||
|---|---|---|---|
| 008 | 220620s9999||||xx |||||||||||||| ||und|| | ||
| 100 | _aWard, Suzanne M.||Freeman, Robert S.||Nixon, Judith M. | ||
| 245 | 0 |
_aAcademic E-Books _bPublishers, Librarians, and Users |
|
| 546 | _aEnglish[eng] | ||
| 650 | _aInformation Science||Academic library||E-book||Personal digital assistant | ||
| 856 | _uhttps://library.oapen.org/bitstream/20.500.12657/45641/1/626970.pdf||https://library.oapen.org/bitstream/20.500.12657/45641/1/626970.pdf | ||
| 942 | _cEB | ||
| 999 |
_c24311 _d24311 |
||